000
00246nam a22000857a 4500
008
160630b xxu||||| |||| 00| 0 eng d
100
_9
1557
_a
Baderia, G.S
245
_a
Fascinations of Mathematical Puzzles
260
_a
New Delhi
_b
Arya Publication
_c
2005
999
_c
1283
_d
1283